000 00456nam a2200169Ia 4500
999 _c1272
_d1272
003 OSt
005 20200923102231.0
008 190216s9999||||xx |||||||||||||| ||und||
040 _coclc
082 _a581
_bGUP/T
100 _aGupta, R K
_94149
245 0 _aTextbook Of Systematic Botany /
_cR K Gupta
260 _bAtmaram &sons,
_c1975.
_aDelhi:
300 _a667p
650 _aBotany
942 _cBK
_2ddc
_h581
_iGUP/T
_k581
_mGUP/T